History of modern mathematics / (Record no. 13898)

MARC details
000 -LEADER
fixed length control field 00988nam a22002417a 4500
005 - DATE AND TIME OF LATEST TRANSACTION
control field 20080623160712.0
010 ## - LCCN (DPL NO)
LC control number ENG-90391
020 ## - INTERNATIONAL STANDARD BOOK NUMBER
Terms of availability 120.00
International Standard Book Number 8180940497
035 ## - SYSTEM CONTROL NUMBER
System control number EN-73924
035 ## - SYSTEM CONTROL NUMBER
System control number G-001283
037 ## - SOURCE OF ACQUISITION
Source of stock number/acquisition DBAD / PUB
082 ## - DEWEY DECIMAL CLASSIFICATION NUMBER
Classification number 510.9
100 ## - MAIN ENTRY--PERSONAL NAME
Personal name Smith, David Eugene
245 ## - TITLE STATEMENT
Title History of modern mathematics /
Statement of responsibility, etc by David Eugene Smith
250 ## - EDITION STATEMENT
Edition statement 4th enlarged ed.
260 ## - PUBLICATION, DISTRIBUTION, ETC. (IMPRINT)
Place of publication, distribution, etc Chennai
Name of publisher, distributor, etc MJP Publishers
Date of publication, distribution, etc 2008
260 ## - PUBLICATION, DISTRIBUTION, ETC. (IMPRINT)
Place of publication, distribution, etc
Name of publisher, distributor, etc
270 ## - ADDRESS
Address 47, Nallathambi Street Triplicane,
City Chennai
Postal code 600005
300 ## - PHYSICAL DESCRIPTION
Extent vi, 116p.
Dimensions 23 cm (pbk)
942 ## - ADDED ENTRY ELEMENTS (KOHA)
Item type English Books
Classification part 510.9
Source of classification or shelving scheme Dewey Decimal Classification
Call number suffix SMI
Holdings
Withdrawn status Lost status Not for loan Collection code Home library Current library Date acquired Source of acquisition Cost, normal purchase price Full call number Barcode Copy number Cost, replacement price Koha item type
    Not For Loan Non-fiction D.B.Act.Division D.B.Act.Division 23/06/2008 DBAD / PUB 120.00 510.9 SMI EN-73924 1 120.00 English Books
      Non-fiction Janak Puri Janak Puri 05/09/2011 bppd/gift 120.00 510.9 SMI G-001283 1 120.00 English Books

© Delhi Public Library
Hit Counter
free hit counter